000 00358 a2200169 4500
001 185700
020 _a85-7319-426-X
040 _cMagnum
100 _aCarvalho, Ilka Valle de
240 1 0 _aDourado e o mar
_lpor
245 1 0 _aDourado e o mar
300 _a40
362 0 _a2005
440 1 _aDimensão
697 _aLITERATURA INFANTO
942 _cBK
999 _c185700
_d185700